पुलिस एवं अदालतों में नागरिक सहभागिता सस्ते-एवं-शीघ्र न्याय के लिये एक प्रशासनिक ढांचा / (Record no. 120917)
[ view plain ]
| 000 -LEADER | |
|---|---|
| fixed length control field | 01525nam a22002537a 4500 |
| 005 - DATE AND TIME OF LATEST TRANSACTION | |
| control field | 20170124103205.0 |
| 010 ## - LIBRARY OF CONGRESS CONTROL NUMBER | |
| LC control number | B-137483 |
| 020 ## - INTERNATIONAL STANDARD BOOK NUMBER | |
| Terms of availability | 00.00 |
| International Standard Book Number | 8180691500 |
| 035 ## - SYSTEM CONTROL NUMBER | |
| System control number | B-137483 |
| 037 ## - SOURCE OF ACQUISITION | |
| Source of stock number/acquisition | Cen Lib/Ret |
| 040 ## - CATALOGING SOURCE | |
| Original cataloging agency | DPL |
| Language of cataloging | HN |
| 082 ## - DEWEY DECIMAL CLASSIFICATION NUMBER | |
| Classification number | 353.360954 |
| Item number | जैनसु |
| 100 ## - MAIN ENTRY--PERSONAL NAME | |
| Personal name | जैन, सुरेश चन्द्र |
| 9 (RLIN) | 47448 |
| 245 ## - TITLE STATEMENT | |
| Title | पुलिस एवं अदालतों में नागरिक सहभागिता सस्ते-एवं-शीघ्र न्याय के लिये एक प्रशासनिक ढांचा / |
| Statement of responsibility, etc | सुरेश चन्द्र जैन |
| 246 ## - VARYING FORM OF TITLE | |
| Title proper/short title | Police ewam adalaton me nagrik sehbhagita saste-ewam-sheeghr nayay ke liye ek prashasnik dhancha / |
| Remainder of title | by Suresh Chandra Jain |
| 260 ## - PUBLICATION, DISTRIBUTION, ETC. (IMPRINT) | |
| Place of publication, distribution, etc | नई दिल्ली |
| Name of publisher, distributor, etc | कान्सेप्ट पब्लिशिंग कम्पनी |
| Date of publication, distribution, etc | 2005 |
| 270 ## - ADDRESS | |
| City | नई दिल्ली |
| Address | A/15-16, कमर्शियल ब्लाक, मोहन गार्डन |
| Postal code | 110059 |
| 300 ## - PHYSICAL DESCRIPTION | |
| Extent | xxiv,450पृ. |
| Dimensions | 20सेमी(सजिल्द) |
| 650 ## - SUBJECT ADDED ENTRY--TOPICAL TERM | |
| Topical term or geographic name as entry element | राजनीतिक मंत्री एवं अधिकारीयों का भ्रष्टाचार |
| 9 (RLIN) | 93383 |
| 650 ## - SUBJECT ADDED ENTRY--TOPICAL TERM | |
| Topical term or geographic name as entry element | भारत -- न्याय और पुलिस |
| 9 (RLIN) | 85128 |
| 650 ## - SUBJECT ADDED ENTRY--TOPICAL TERM | |
| Topical term or geographic name as entry element | Ministers and officials of political corruption |
| 9 (RLIN) | 93384 |
| 650 ## - SUBJECT ADDED ENTRY--TOPICAL TERM | |
| Topical term or geographic name as entry element | India - Justice and Police |
| 9 (RLIN) | 93385 |
| 942 ## - ADDED ENTRY ELEMENTS (KOHA) | |
| Source of classification or shelving scheme | Dewey Decimal Classification |
| Koha item type | Hindi Books |
| Classification part | 353.360954 |
| Call number suffix | जैनसु |
| Withdrawn status | Lost status | Damaged status | Not for loan | Home library | Current library | Date acquired | Source of acquisition | Cost, normal purchase price | Total Checkouts | Total Renewals | Full call number | Barcode | Date last seen | Date checked out | Copy number | Cost, replacement price | Price effective from | Koha item type |
|---|---|---|---|---|---|---|---|---|---|---|---|---|---|---|---|---|---|---|
| Central Library | Central Library | 29/09/2015 | Cen Lib/Ret | 0.00 | 7 | 4 | 353.360954 जैनसु | B-137483 | 10/08/2022 | 03/08/2022 | 1 | 0.00 | 29/09/2015 | Hindi Books |
